| 000 | 00342nam a2200121Ia 4500 | ||
|---|---|---|---|
| 999 |
_c12815 _d12815 |
||
| 082 | _aRR.0067 | ||
| 100 | _aRanade, Prabha Shastri | ||
| 245 | 0 |
_aDistribution and growth of population in Vidarbha : _bA study in population geography |
|
| 260 |
_c1988 _bICSSR, New Delhi |
||
| 300 | _a207p. | ||
| 650 | _aVIDARBHA - POPULATION | ||
| 942 |
_cRP _2ddc |
||